[Event "Gibtelecom Masters 1st"]
[Site "Gibraltar"]
[Date "2003.02.06"]
[Round "10"]
[White "Reinderman, Dimitri"]
[Black "Pavlovic, Milos"]
[Result "1/2-1/2"]
[WhiteElo "2506"]
[BlackElo "2560"]
[PlyCount "31"]
[EventDate "2003.01.28"]
[EventType "swiss"]
[EventRounds "10"]
[EventCountry "GGB"]
[SourceTitle "BritBase"]
[Source "www.saund.co.uk"]
[SourceDate "2018.02.10"]
[SourceVersion "1"]
[SourceVersionDate "2018.02.10"]
[SourceQuality "1"]

1. e4 c5 2. Nf3 e6 3. d4 cxd4 4. Nxd4 Nf6 5. Nc3 Nc6 6. Ndb5 d6 7. Bf4 e5 8.
Bg5 a6 9. Na3 b5 10. Bxf6 gxf6 11. Nd5 f5 12. c3 Bg7 13. exf5 Bxf5 14. Nc2 O-O
15. Nce3 Be6 16. Bd3 1/2-1/2

[Event "Gibtelecom Masters 1st"]
[Site "Gibraltar"]
[Date "2003.02.06"]
[Round "10"]
[White "White, Kevin"]
[Black "Schmitz, Manuela"]
[Result "1/2-1/2"]
[WhiteElo "2053"]
[BlackElo "2111"]
[PlyCount "63"]
[EventDate "2003.01.28"]
[EventType "swiss"]
[EventRounds "10"]
[EventCountry "GGB"]
[SourceTitle "BritBase"]
[Source "www.saund.co.uk"]
[SourceDate "2018.02.10"]
[SourceVersion "1"]
[SourceVersionDate "2018.02.10"]
[SourceQuality "1"]

1. e4 e6 2. d3 d5 3. Nd2 Nf6 4. g3 dxe4 5. dxe4 Bc5 6. Bg2 Nc6 7. Ngf3 e5 8.
O-O O-O 9. c3 a5 10. Qc2 b6 11. Nb3 Bd6 12. Bg5 h6 13. Bxf6 Qxf6 14. Nh4 a4 15.
Nd2 Ba6 16. Rfe1 Bc5 17. Ndf3 Bc4 18. b4 axb3 19. axb3 Be6 20. b4 Be7 21. Nf5
Rxa1 22. Nxe7+ Qxe7 23. Rxa1 Rd8 24. b5 Na5 25. Nxe5 Qc5 26. Nc6 Nxc6 27. bxc6
Qxc6 28. e5 Qc5 29. Re1 Qc4 30. Be4 Kf8 31. Re3 Qa2 32. Rd3 1/2-1/2

[Event "Gibtelecom Masters 1st"]
[Site "Gibraltar"]
[Date "2003.02.06"]
[Round "10"]
[White "Young, Melvyn"]
[Black "Sending, Staale"]
[Result "1/2-1/2"]
[WhiteElo "1717"]
[BlackElo "2119"]
[PlyCount "44"]
[EventDate "2003.01.28"]
[EventType "swiss"]
[EventRounds "10"]
[EventCountry "GGB"]
[SourceTitle "BritBase"]
[Source "www.saund.co.uk"]
[SourceDate "2018.02.10"]
[SourceVersion "1"]
[SourceVersionDate "2018.02.10"]
[SourceQuality "1"]

1. e4 c5 2. c3 d5 3. exd5 Qxd5 4. d4 cxd4 5. cxd4 Nf6 6. Nc3 Qd8 7. Nf3 e6 8.
Be2 Be7 9. O-O O-O 10. Ne5 Nc6 11. Nxc6 bxc6 12. Bf4 Nd5 13. Nxd5 cxd5 14. Qd2
Qb6 15. a3 Ba6 16. Bxa6 Qxa6 17. Rac1 Rfc8 18. h3 h6 19. Rxc8+ Rxc8 20. Rc1 Rc4
21. Rc3 Bf6 22. Be3 Kf8 1/2-1/2

[Event "Gibtelecom Masters 1st"]
[Site "Gibraltar"]
[Date "2003.02.06"]
[Round "10"]
[White "Zak, Uriel"]
[Black "Luther, Thomas"]
[Result "0-1"]
[WhiteElo "2341"]
[BlackElo "2575"]
[PlyCount "44"]
[EventDate "2003.01.28"]
[EventType "swiss"]
[EventRounds "10"]
[EventCountry "GGB"]
[SourceTitle "BritBase"]
[Source "www.saund.co.uk"]
[SourceDate "2018.02.10"]
[SourceVersion "1"]
[SourceVersionDate "2018.02.10"]
[SourceQuality "1"]

1. c4 e5 2. Nc3 Bb4 3. Nd5 a5 4. a3 Be7 5. d4 d6 6. Nf3 e4 7. Nd2 c6 8. Nc3 f5
9. e3 Nf6 10. f3 d5 11. cxd5 cxd5 12. Bb5+ Nc6 13. fxe4 fxe4 14. O-O O-O 15.
Qb3 Kh8 16. Be2 Bd6 17. Nb5 Bb8 18. Qd1 Ne7 19. Nb1 Nf5 20. N1c3 Ng8 21. Rf2
Ra6 22. g3 Nxg3 0-1